| 000 | 00000nam 2200000zi 4500 |
| 001 | 9.892038 |
| 003 | CaOODSP |
| 005 | 20221107173044 |
| 006 | m o d f |
| 007 | cr cn||||||||| |
| 008 | 201001t20202020qucab o f000 0 fre d |
| 020 | |a9780660361475 |
| 040 | |aCaOODSP|bfre|erda|cCaOODSP |
| 043 | |an-cn---|an-cn-qu |
| 086 | 1 |aR64-340/2020F-PDF |
| 245 | 00|aLieu historique national du Canada des Forges-du-Saint-Maurice : |bplan directeur 2020. |
| 246 | 17|aLieu historique national des Forges-du-Saint-Maurice : |bplan directeur |
| 246 | 3 |aPlan directeur du lieu historique national des Forges-du-Saint-Maurice 2020 |
| 264 | 1|a[Gatineau, Québec] : |bParcs Canada = Parks Canada, |c2020 |
| 264 | 4|c©2020 |
| 300 | |a1 ressource en ligne (x, 9 pages) : |billustration en couleur, cartes en couleur |
| 336 | |atexte|btxt|2rdacontent/fre |
| 337 | |ainformatique|bc|2rdamedia/fre |
| 338 | |aressource en ligne|bcr|2rdacarrier/fre |
| 500 | |aPublié aussi en anglais sous le titre : Forges du Saint-Maurice National Historic Site of Canada : management plan 2020. |
| 500 | |aPublié aussi en format HTML. |
| 530 | |aÉgalement publié en version imprimée. |
| 650 | 6|aLieux historiques|zCanada|xGestion. |
| 650 | 6|aLieux historiques|zQuébec (Province)|xGestion. |
| 650 | 6|aParcs nationaux|zCanada|xGestion. |
| 650 | 6|aParcs nationaux|zQuébec (Province)|xGestion. |
| 651 | 6|aLieu historique national des Forges-du-Saint-Maurice (Trois-Rivières, Québec)|xGestion. |
| 710 | 2 |aParcs Canada, |eorganisme de publication. |
| 775 | 08|tForges du Saint-Maurice National Historic Site of Canada : |w(CaOODSP)9.892035 |
| 776 | 0#|tLieu historique national du Canada des Forges-du-Saint-Maurice : |w(CaOODSP)9.892039 |
| 795 | |tLieu historique national du Canada des Forges-du-Saint-Maurice |w(CaOODSP)9.822490 |
| 856 | 40|qPDF|s2.43 Mo|uhttps://publications.gc.ca/collections/collection_2021/pc/R64-340-2020-fra.pdf |
| 856 | 4 |qHTML|sS.O.|uhttps://www.pc.gc.ca/fr/lhn-nhs/qc/saintmaurice/gestion-management/plan |